[Event "Rottach Egern Seniors Cup 12th"]
[Site "Rottach Egern"]
[Date "2024.04.09"]
[Round "4"]
[White "Mueller, Erich2"]
[Black "Belke, Frank"]
[Result "0-1"]
[WhiteElo "2022"]
[BlackElo "2163"]
[PlyCount "148"]
[EventDate "2024.04.06"]
[EventType "swiss"]
[EventRounds "9"]
[EventCountry "GER"]
[SourceTitle "CB16_2024"]
[SourceDate "2024.04.17"]
[SourceVersion "1"]
[SourceVersionDate "2024.04.17"]
[SourceQuality "1"]

1. f4 d5 2. Nf3 Nf6 3. b3 g6 4. Bb2 Bg7 5. e3 0-0 6. Be2 c5 7. 0-0 Nc6 8. Ne5 Qc7 9. Nxc6 Qxc6 10. Bf3 b6 11. d3 Bb7 12. Nd2 Rfd8 13. Qe2 Ne8 14. Bxg7 Nxg7 15. e4 Qc7 16. g3 dxe4 17. Bxe4 Ne6 18. Qg2 Bxe4 19. Nxe4 Qd7 20. Rae1 Qd4+ 21. Qf2 Rd7 22. a4 a6 23. Nd2 b5 24. Re4 Qxf2+ 25. Rxf2 Nd4 26. axb5 axb5 27. Nf3 Ra1+ 28. Kg2 Ne6 29. Rfe2 Rda7 30. Re1 Rxe1 31. Rxe1 Ra2 32. Re2 Kf8 33. Kf2 b4 34. Ke3 Ra3 35. Ke4 Nc7 36. Ne5 Ke8 37. Rd2 Ne6 38. Nf3 Nc7 39. Ne5 f5+ 40. Kf3 Nb5 41. Ke3 e6 42. Nf3 Ke7 43. Ke2 Nd4+ 44. Nxd4 cxd4 45. Rd1 Kf6 46. Kf3 Ra2 47. Rd2 e5 48. Re2 exf4 49. gxf4 Kf7 50. c4 Ra3 51. Rb2 Ra1 52. Kf2 Rd1 53. Ke2 Rh1 54. Kf3 Rf1+ 55. Ke2 Rxf4 56. Ra2 Rh4 57. Ra4 Rxh2+ 58. Ke1 h5 59. Rxb4 h4 60. c5 Rc2 61. Rxd4 Rxc5 62. Rxh4 Rc3 63. Rb4 Rxd3 64. Rb6 Kg7 65. Ke2 Rd5 66. b4 Kh6 67. Rb8 Kh5 68. b5 g5 69. b6 Rb5 70. b7 Kg4 71. Kf2 Rb2+ 72. Ke1 f4 73. Kd1 f3 74. Ke1 Kg3 0-1

[Event "Rottach Egern Seniors Cup 12th"]
[Site "Rottach Egern"]
[Date "2024.04.08"]
[Round "3"]
[White "Belke, Frank"]
[Black "Hafner, Robert"]
[Result "1-0"]
[WhiteElo "2163"]
[BlackElo "1975"]
[PlyCount "65"]
[EventDate "2024.04.06"]
[EventType "swiss"]
[EventRounds "9"]
[EventCountry "GER"]
[SourceTitle "CB16_2024"]
[SourceDate "2024.04.17"]
[SourceVersion "1"]
[SourceVersionDate "2024.04.17"]
[SourceQuality "1"]

1. d4 d5 2. c4 c6 3. Nf3 Nf6 4. Nc3 dxc4 5. a4 Bf5 6. Ne5 e6 7. f3 c5 8. e4 Bg6 9. d5 exd5 10. exd5 Nfd7 11. Nxc4 Be7 12. Bd3 0-0 13. 0-0 Na6 14. Bf4 Nb4 15. Bxg6 hxg6 16. Qb3 Bf6 17. Rad1 b6 18. Ne4 a5 19. Nxf6+ gxf6 20. Bd6 Re8 21. f4 Ra7 22. f5 g5 23. Bg3 Nf8 24. d6 Nd7 25. h4 Nc6 26. hxg5 fxg5 27. f6 Nd4 28. Rxd4 cxd4 29. Qb5 Nc5 30. Rf5 Kf8 31. Rxc5 bxc5 32. Qxc5 Ra8 33. d7+ 1-0

[Event "Dimitrovgrad Caribrod op"]
[Site "Dimitrovgrad"]
[Date "2024.03.30"]
[Round "2"]
[White "Cirkovic, Vuk"]
[Black "Belke, Frank"]
[Result "0-1"]
[WhiteElo "1851"]
[BlackElo "2163"]
[PlyCount "80"]
[EventDate "2024.03.29"]
[EventType "swiss"]
[EventRounds "7"]
[EventCountry "SRB"]
[SourceTitle "CB16_2024"]
[SourceDate "2024.04.17"]
[SourceVersion "1"]
[SourceVersionDate "2024.04.17"]
[SourceQuality "1"]

1. e4 e6 2. d3 d5 3. Nd2 c5 4. Ngf3 Nc6 5. g3 Bd6 6. Bg2 Nge7 7. 0-0 0-0 8. Nh4 f5 9. f4 d4 10. exf5 exf5 11. Nc4 Bc7 12. Re1 Rb8 13. a4 a6 14. Nf3 b5 15. axb5 axb5 16. Nce5 Bb7 17. Ng5 Rf6 18. Nxc6 Bxc6 19. Bxc6 Nxc6 20. Ne6 Qd6 21. Nxc7 Qxc7 22. Qf3 Qd7 23. Ra6 Ne5 24. fxe5 Rxa6 25. Bf4 Qe6 26. c3 Rba8 27. Kf2 h6 28. h4 Ra2 29. Bd2 Rd8 30. Re2 Rxb2 31. cxd4 cxd4 32. h5 Rc8 33. Bf4 Rxe2+ 34. Qxe2 b4 35. Qb2 b3 36. Qxd4 Rc2+ 37. Ke3 b2 38. Qb4 Qc6 39. Qd6 Qxd6 40. exd6 b1Q 0-1

[Event "Belgrade Trophy 36th"]
[Site "Belgrade"]
[Date "2023.12.01"]
[Round "7"]
[White "Djokic, Nenad"]
[Black "Belke, Frank"]
[Result "1/2-1/2"]
[WhiteElo "2223"]
[BlackElo "2121"]
[PlyCount "97"]
[EventDate "2023.11.25"]
[EventType "swiss"]
[EventRounds "9"]
[EventCountry "SRB"]
[SourceTitle "CB49_2023"]
[SourceDate "2023.12.06"]
[SourceVersion "1"]
[SourceVersionDate "2023.12.06"]
[SourceQuality "1"]

1. d4 Nf6 2. c4 g6 3. Nc3 d5 4. cxd5 Nxd5 5. e4 Nxc3 6. bxc3 Bg7 7. Be3 c5 8. Qd2 Qa5 9. Nf3 0-0 10. Rc1 cxd4 11. cxd4 Qxd2+ 12. Nxd2 Nc6 13. Nb3 a5 14. a4 e5 15. d5 Nd4 16. Bxd4 exd4 17. Bb5 f5 18. exf5 Bxf5 19. 0-0 Be4 20. Rfd1 Bxd5 21. Nxd4 Rac8 22. Rxc8 Rxc8 23. Nf3 Bb3 24. Re1 Bh6 25. h4 Rc1 26. Rxc1 Bxc1 27. Nd4 Bd5 28. g3 Bb2 29. Nc2 Kf8 30. Kf1 Ke7 31. Ke2 Be4 32. Ne3 Bd4 33. Nc4 b6 34. f3 Bd5 35. Ne3 Bb7 36. h5 Kf6 37. hxg6 hxg6 38. f4 Be4 39. Nc4 Ke6 40. Nd2 Bf5 41. Nf3 Bc3 42. Bd3 Kd5 43. Bxf5 gxf5 44. Kd3 Bf6 45. Nh4 Ke6 46. Kc4 Be7 47. Kb5 Bc5 48. Kc6 Bf2 49. Nf3 1/2-1/2

[Event "Belgrade Trophy 36th"]
[Site "Belgrade"]
[Date "2023.11.28"]
[Round "4"]
[White "Belke, Frank"]
[Black "Djordjic, Djordje"]
[Result "1/2-1/2"]
[WhiteElo "2121"]
[BlackElo "1865"]
[PlyCount "125"]
[EventDate "2023.11.25"]
[EventType "swiss"]
[EventRounds "9"]
[EventCountry "SRB"]
[SourceTitle "CB49_2023"]
[SourceDate "2023.12.06"]
[SourceVersion "1"]
[SourceVersionDate "2023.12.06"]
[SourceQuality "1"]

1. d4 d5 2. c4 e6 3. Nc3 Be7 4. Nf3 Nf6 5. Bg5 h6 6. Bh4 0-0 7. Qc2 c5 8. cxd5 Nxd5 9. Bxe7 Nxe7 10. e3 Nd7 11. Rd1 Qa5 12. Be2 Nd5 13. 0-0 Nxc3 14. Qxc3 Qxc3 15. bxc3 b6 16. Bb5 Nf6 17. Ne5 cxd4 18. cxd4 Bb7 19. Rc1 Rfc8 20. f3 Kf8 21. Kf2 Rxc1 22. Rxc1 Rc8 23. Rxc8+ Bxc8 24. e4 Bb7 25. Ke3 Ne8 26. Kd2 Nc7 27. Bd3 f6 28. Ng6+ Kf7 29. Nf4 Ba6 30. Bxa6 Nxa6 31. Kc3 Nc7 32. Kc4 Ke7 33. h4 g5 34. Ng6+ Kf7 35. h5 a6 36. f4 Ne8 37. fxg5 fxg5 38. Ne5+ Ke7 39. Ng4 Nf6 40. Nxf6 Kxf6 41. g4 Ke7 42. e5 Kd7 43. d5 exd5+ 44. Kxd5 b5 45. Kc5 Ke6 46. Kb6 Kxe5 47. Kxa6 Kf4 48. Kxb5 Kxg4 49. a4 Kxh5 50. a5 g4 51. a6 g3 52. a7 g2 53. a8Q g1Q 54. Kc4 Qg4+ 55. Kd3 Kh4 56. Ke3 Kg3 57. Qf8 Qe6+ 58. Kd2 h5 59. Qb8+ Kh3 60. Qb7 Qd6+ 61. Ke2 Qe5+ 62. Kf1 Qf4+ 63. Kg1 1/2-1/2

[Event "Belgrade Trophy 36th"]
[Site "Belgrade"]
[Date "2023.11.26"]
[Round "2"]
[White "Belke, Frank"]
[Black "Lalic, Mile"]
[Result "1-0"]
[WhiteElo "2121"]
[BlackElo "1840"]
[PlyCount "119"]
[EventDate "2023.11.25"]
[EventType "swiss"]
[EventRounds "9"]
[EventCountry "SRB"]
[SourceTitle "CB49_2023"]
[SourceDate "2023.12.06"]
[SourceVersion "1"]
[SourceVersionDate "2023.12.06"]
[SourceQuality "1"]

1. d4 Nf6 2. c4 d5 3. Nc3 g6 4. Nf3 Bg7 5. Bg5 c6 6. e3 h6 7. Bh4 Nbd7 8. Qb3 Nb6 9. c5 Nbd7 10. Be2 0-0 11. h3 Re8 12. Bg3 b6 13. cxb6 axb6 14. 0-0 Ba6 15. Ne5 Bxe2 16. Nxe2 Nxe5 17. Bxe5 Ne4 18. Bxg7 Kxg7 19. Rfc1 Nd2 20. Qc3 Nc4 21. b3 Na5 22. Nf4 Qd6 23. Nd3 f6 24. f4 Rec8 25. Rc2 Nb7 26. Rac1 Nd8 27. a4 Qe6 28. Qd2 Nb7 29. Rc3 Qd6 30. Qc2 Na5 31. f5 gxf5 32. Nf4 Qd7 33. Qf2 Rg8 34. Rf1 Kh7 35. Kh1 Rg5 36. h4 Rg4 37. Nh5 Rag8 38. g3 Qd6 39. Kh2 Qd7 40. Rcc1 Kg6 41. Qc2 Re4 42. Nf4+ Kf7 43. Qe2 Rg4 44. b4 Nc4 45. Rxc4 dxc4 46. Qxc4+ e6 47. Rf3 Rg8 48. Qb3 Ra8 49. Rf1 Qa7 50. Ra1 c5 51. bxc5 bxc5 52. dxc5 Rb8 53. Qd1 Qxc5 54. Rc1 Qa7 55. Qd6 Rb7 56. Rc8 Rb2+ 57. Kh3 Qe7 58. Rc7 Qxc7 59. Qxc7+ Kf8 60. Qd8+ 1-0

[Event "Belgrade Trophy 36th"]
[Site "Belgrade"]
[Date "2023.11.25"]
[Round "1"]
[White "Catic, Dusan"]
[Black "Belke, Frank"]
[Result "0-1"]
[WhiteElo "1621"]
[BlackElo "2121"]
[PlyCount "116"]
[EventDate "2023.11.25"]
[EventType "swiss"]
[EventRounds "9"]
[EventCountry "SRB"]
[SourceTitle "CB49_2023"]
[SourceDate "2023.12.06"]
[SourceVersion "1"]
[SourceVersionDate "2023.12.06"]
[SourceQuality "1"]

1. e4 e6 2. d4 d5 3. e5 c5 4. c3 Nc6 5. Nf3 Bd7 6. Bd3 cxd4 7. cxd4 Qb6 8. Bc2 Nb4 9. 0-0 Nxc2 10. Qxc2 Rc8 11. Nc3 Ne7 12. Be3 Nf5 13. a3 Be7 14. Qd2 0-0 15. Rab1 Rc4 16. g4 Nxe3 17. fxe3 Rfc8 18. g5 Qc7 19. Rbc1 Bxa3 20. Nxd5 exd5 21. Rxc4 Qxc4 22. bxa3 Bf5 23. Nh4 Bd3 24. Nf5 Bxf1 25. Ne7+ Kf8 26. Nxc8 Bh3 27. Qe1 Bxc8 28. Qa5 Qc1+ 29. Kf2 Qb2+ 30. Kg3 Qb6 31. Qxd5 Be6 32. Qc4 g6 33. d5 Bf5 34. Qf4 Qb1 35. e6 Qg1+ 36. Kf3 Qf1+ 37. Kg3 Qxf4+ 38. Kxf4 fxe6 39. e4 Bh3 40. d6 Ke8 41. e5 Kd7 42. Ke4 Kc6 43. Kd4 b5 44. Kc3 a5 45. Kd3 Bf1+ 46. Kc3 Bg2 47. Kd4 Bd5 48. Kc3 Kb6 49. h3 Bc6 50. Kd4 Bd7 51. h4 Kc6 52. Ke4 Kc5 53. Kd3 Kd5 54. Ke3 Kxe5 55. Kf3 Kxd6 56. Kg4 b4 57. axb4 axb4 58. h5 b3 0-1

[Event "AUT-ch"]
[Site "Vienna"]
[Date "2023.07.27"]
[Round "6"]
[White "Belke, Frank"]
[Black "Kordzadze, Nino"]
[Result "0-1"]
[WhiteElo "2204"]
[BlackElo "1966"]
[PlyCount "78"]
[EventDate "2023.07.22"]
[EventType "swiss"]
[EventRounds "9"]
[EventCountry "AUT"]
[SourceTitle "CBM 215 Extra"]
[Source "ChessBase"]
[SourceDate "2023.09.30"]
[SourceVersion "1"]
[SourceVersionDate "2023.09.30"]
[SourceQuality "1"]

1. d4 d5 2. c4 e6 3. Nc3 Be7 4. Nf3 Nf6 5. Bg5 h6 6. Bh4 0-0 7. Qc2 b6 8. cxd5 exd5 9. e3 Bb7 10. Bd3 Nbd7 11. 0-0 c5 12. Rad1 Re8 13. Rfe1 a6 14. a4 c4 15. Bf5 Nf8 16. Ne5 N6d7 17. Bg3 Nxe5 18. dxe5 g6 19. Bh3 Bb4 20. Rf1 Bxc3 21. bxc3 Qe7 22. f4 h5 23. Qf2 b5 24. f5 bxa4 25. f6 Qc5 26. Bf4 Bc8 27. Qf3 Bxh3 28. Rxd5 Qa3 29. Qxh3 Ne6 30. g4 Qxc3 31. Qg3 Rad8 32. Rxd8 Rxd8 33. gxh5 Qd3 34. h4 c3 35. hxg6 Qxg6 36. Qxg6+ fxg6 37. Rc1 a3 38. Kf2 a2 39. Ke1 c2 0-1

[Event "AUT-ch Seniors 50"]
[Site "Vienna"]
[Date "2023.05.15"]
[Round "1"]
[White "Opl, Klaus1111"]
[Black "Belke, Frank"]
[Result "1/2-1/2"]
[WhiteElo "1763"]
[BlackElo "2216"]
[PlyCount "49"]
[EventDate "2023.05.15"]
[EventType "swiss"]
[EventRounds "7"]
[EventCountry "AUT"]
[SourceTitle "CBM 214 Extra"]
[Source "ChessBase"]
[SourceDate "2023.07.31"]
[SourceVersion "1"]
[SourceVersionDate "2023.07.31"]
[SourceQuality "1"]

1. e4 e6 2. b3 d5 3. Bb2 Nf6 4. e5 Nfd7 5. f4 c5 6. Qg4 Nc6 7. Nf3 h5 8. Qg3 Qc7 9. Be2 a6 10. a4 Rb8 11. 0-0 b5 12. f5 h4 13. Qf4 exf5 14. Nc3 Ne7 15. axb5 d4 16. Bc4 dxc3 17. Bxf7+ Kd8 18. Bxc3 axb5 19. Ng5 Nb6 20. Be6 Rh6 21. Nf7+ Ke8 22. Nd6+ Kd8 23. Nf7+ Ke8 24. Nd6+ Kd8 25. Nf7+ 1/2-1/2

[Event "AUT-chT2O 2223"]
[Site "Austria"]
[Date "2023.02.18"]
[Round "8.4"]
[White "Belke, Frank"]
[Black "Borrmann, Laurenz"]
[Result "1-0"]
[WhiteElo "2207"]
[BlackElo "2290"]
[PlyCount "129"]
[EventDate "2022.10.15"]
[EventType "team-tourn"]
[EventRounds "11"]
[EventCountry "AUT"]
[SourceTitle "CBM 213 Extra"]
[Source "ChessBase"]
[SourceDate "2023.05.31"]
[SourceVersion "1"]
[SourceVersionDate "2023.05.31"]
[SourceQuality "1"]
[WhiteTeam "Hietzing"]
[BlackTeam "Donaustadt"]
[WhiteTeamCountry "AUT"]
[BlackTeamCountry "AUT"]

1. d4 Nf6 2. c4 g6 3. Nc3 d5 4. Nf3 Bg7 5. Bg5 Ne4 6. cxd5 Nxg5 7. Nxg5 e6 8. Qd2 h6 9. Nh3 exd5 10. Qe3+ Kf8 11. Nf4 c5 12. dxc5 d4 13. Qd2 Bd7 14. Ncd5 Bf5 15. Nb4 Nd7 16. Rc1 Rc8 17. c6 bxc6 18. Rxc6 Kg8 19. g3 Rxc6 20. Nxc6 Qe8 21. Bg2 Be4 22. 0-0 g5 23. Nd5 Bxg2 24. Kxg2 Qe6 25. Nce7+ Kf8 26. Qb4 Be5 27. Nf5+ Kg8 28. e4 dxe3 29. Ndxe3 Kh7 30. Qe4 Rb8 31. b3 Nf6 32. Qc2 Kh8 33. Nxh6 Bd4 34. Nhf5 Bxe3 35. Nxe3 Ne4 36. Qc4 Qg6 37. Rd1 Rf8 38. Qd4+ Kh7 39. f3 Nf6 40. g4 Re8 41. Rd2 Re7 42. Nf5 Rd7 43. Qb2 Nd5 44. Rxd5 Rxd5 45. Ne7 Qe6 46. Nxd5 Qxd5 47. Qc2+ Kg7 48. Qc3+ Kg6 49. Qe3 Qd7 50. a4 f5 51. gxf5+ Kxf5 52. f4 Qc6+ 53. Kg3 gxf4+ 54. Qxf4+ Kg6 55. Qg4+ Kh6 56. Qf4+ Kg6 57. h4 Qb6 58. Qg5+ Kh7 59. Qd5 Kh6 60. Qc4 Qg1+ 61. Kf4 Qe1 62. Kf5 Qd1 63. Ke6 Qd2 64. Qd5 Qe1+ 65. Kd7 1-0

[Event "AUT-chT2O 2122"]
[Site "Austria"]
[Date "2022.04.03"]
[Round "11.4"]
[White "Peyrer, Konstantin"]
[Black "Belke, Frank"]
[Result "1-0"]
[WhiteElo "2300"]
[BlackElo "2258"]
[PlyCount "71"]
[EventDate "2021.10.16"]
[EventType "team-tourn"]
[EventRounds "11"]
[EventCountry "AUT"]
[SourceTitle "EXT 2023"]
[Source "ChessBase"]
[SourceDate "2022.10.05"]
[SourceVersion "1"]
[SourceVersionDate "2022.10.05"]
[SourceQuality "1"]
[WhiteTeam "Ottakring"]
[BlackTeam "Hietzing"]
[WhiteTeamCountry "AUT"]
[BlackTeamCountry "AUT"]

1. e4 e6 2. d4 d5 3. Nc3 Bb4 4. e5 Qd7 5. a3 Bxc3+ 6. bxc3 b6 7. Qg4 f5 8. exf6 Nxf6 9. Qh4 0-0 10. Nf3 Ba6 11. Bxa6 Nxa6 12. 0-0 Qa4 13. Qh3 Rae8 14. Ng5 Qxc2 15. Nxe6 Rf7 16. Bf4 Rfe7 17. Ng5 h6 18. Rac1 Qg6 19. Nf3 Qh5 20. Qxh5 Nxh5 21. Be5 c5 22. Nh4 Kh7 23. Nf5 Re6 24. f4 Nf6 25. Nd6 Rd8 26. Nb5 Rd7 27. Rfe1 Ng4 28. h3 Nxe5 29. dxe5 g6 30. Rcd1 c4 31. Nd6 Nc5 32. Rxd5 Nd3 33. Re4 b5 34. Rxb5 Rdxd6 35. exd6 Rxe4 36. Rb7+ 1-0

[Event "Belgrade Serbia op"]
[Site "Belgrade"]
[Date "2021.07.04"]
[Round "4"]
[White "Belke, Frank"]
[Black "Dolgun, Can"]
[Result "0-1"]
[WhiteElo "2269"]
[BlackElo "2133"]
[PlyCount "70"]
[EventDate "2021.07.02"]
[EventType "swiss"]
[EventRounds "9"]
[EventCountry "SRB"]
[SourceTitle "CBM 203 Extra"]
[Source "ChessBase"]
[SourceDate "2021.09.30"]
[SourceVersion "1"]
[SourceVersionDate "2021.09.30"]
[SourceQuality "1"]

1. d4 d5 2. c4 c6 3. Nf3 Nf6 4. Nc3 dxc4 5. a4 Bf5 6. Ne5 Na6 7. f3 Nd7 8. Nxd7 Bxd7 9. e4 e5 10. Be3 exd4 11. Qxd4 Be6 12. Qxd8+ Kxd8 13. 0-0-0+ Ke8 14. f4 f6 15. f5 Bf7 16. g4 Bc5 17. Bf4 Rd8 18. Be2 Bd4 19. h4 Nc5 20. Kc2 h6 21. Rhe1 Ke7 22. Bf1 Be5 23. Be3 Nb3 24. Bxa7 Bg3 25. Re2 Rxd1 26. Nxd1 Ra8 27. Be3 Rxa4 28. g5 Bxh4 29. e5 Bxg5 30. exf6+ Kxf6 31. Bb6 Ra1 32. Bd8+ Kxf5 33. Bxg5 Kxg5 34. Rg2+ Kf6 35. Rf2+ Kg6 0-1

[Event "AUT-ch Zwisch Internet"]
[Site "Playchess.com INT"]
[Date "2020.05.02"]
[Round "11"]
[White "Belke, Frank"]
[Black "Freitag, Manfred"]
[Result "0-1"]
[WhiteElo "2273"]
[BlackElo "2356"]
[PlyCount "100"]
[EventDate "2020.05.02"]
[EventType "swiss (blitz)"]
[EventRounds "13"]
[EventCountry "AUT"]
[SourceTitle "CBM 195 Extra"]
[Source "ChessBase"]
[SourceDate "2020.05.31"]
[SourceVersion "1"]
[SourceVersionDate "2020.05.31"]
[SourceQuality "1"]

1. d4 Nf6 2. c4 g6 3. Nc3 d5 4. Nf3 Bg7 5. Bg5 Ne4 6. cxd5 Nxg5 7. Nxg5 e6 8. Qd2 exd5 9. Qe3+ Kf8 10. Qf4 Bf6 11. h4 Kg7 12. e3 h6 13. Nf3 c6 14. Bd3 Be6 15. g4 Nd7 16. Qg3 Qb8 17. Qg2 b5 18. 0-0-0 b4 19. Ne2 c5 20. Nf4 cxd4 21. Nxe6+ fxe6 22. Nxd4 Bxd4 23. exd4 Qf4+ 24. Kb1 Raf8 25. Rhf1 g5 26. h5 Rc8 27. Rfe1 Qf6 28. Bc2 Rhf8 29. Re2 Rf7 30. Rde1 Nf8 31. Rd2 Qf4 32. Ree2 Rc4 33. Qh3 Rxd4 34. Rxd4 Qxd4 35. Qg3 Qf4 36. Qd3 Qxg4 37. a3 a5 38. axb4 axb4 39. Kc1 Qg1+ 40. Bd1 Qg4 41. Kb1 Qf5 42. Bc2 Qxd3 43. Bxd3 Kf6 44. Kc2 e5 45. Kb3 e4 46. Ba6 Ke5 47. Kxb4 Ne6 48. Kc3 Nd4 49. Re1 Rxf2 50. Bb7 Rc2+ 0-1

[Event "AUT-ch Zwisch Internet"]
[Site "Playchess.com INT"]
[Date "2020.05.02"]
[Round "6"]
[White "Belke, Frank"]
[Black "Horvath, Dominik"]
[Result "1/2-1/2"]
[WhiteElo "2273"]
[BlackElo "2446"]
[PlyCount "112"]
[EventDate "2020.05.02"]
[EventType "swiss (blitz)"]
[EventRounds "13"]
[EventCountry "AUT"]
[SourceTitle "CBM 195 Extra"]
[Source "ChessBase"]
[SourceDate "2020.05.31"]
[SourceVersion "1"]
[SourceVersionDate "2020.05.31"]
[SourceQuality "1"]

1. d4 d5 2. c4 e6 3. Nc3 c5 4. cxd5 exd5 5. dxc5 d4 6. Na4 b5 7. e3 bxa4 8. exd4 Nf6 9. Bc4 Be7 10. Ne2 0-0 11. Qxa4 Bb7 12. 0-0 Bd5 13. Be3 Nc6 14. Nf4 Bxc4 15. Qxc4 Rb8 16. b3 Rb4 17. Qa6 Nxd4 18. Qxa7 Ne4 19. Qb7 Nxc5 20. Qxb4 Nc2 21. Qd2 Qxd2 22. Bxd2 Nxa1 23. Rxa1 Ra8 24. Bc3 Bf6 25. Bxf6 gxf6 26. Rb1 Rxa2 27. h4 Ne4 28. b4 Rxf2 29. Nd5 Rd2 30. Nf4 Rf2 31. Nd5 Rd2 32. Ne7+ Kf8 33. Nf5 Nc3 34. Rb3 Ne2+ 35. Kh2 Rd5 36. Ng3 Nxg3 37. Kxg3 Rb5 38. Kf4 Ke7 39. Ke4 Kd6 40. Kd4 Kc6 41. Kc4 Re5 42. b5+ Kb6 43. Kd4 Rxb5 44. Rxb5+ Kxb5 45. Ke4 Kc5 46. Kf5 Kd5 47. g4 h6 48. Kxf6 Ke4 49. g5 hxg5 50. h5 g4 51. h6 g3 52. h7 g2 53. h8Q g1Q 54. Qe8+ Kf4 55. Qe5+ Kf3 56. Qf5+ Ke2 1/2-1/2

[Event "AUT-ch Zwisch Internet"]
[Site "Playchess.com INT"]
[Date "2020.05.02"]
[Round "8"]
[White "Belke, Frank"]
[Black "Mostbauer, Maximilian"]
[Result "1/2-1/2"]
[WhiteElo "2273"]
[BlackElo "2217"]
[PlyCount "66"]
[EventDate "2020.05.02"]
[EventType "swiss (blitz)"]
[EventRounds "13"]
[EventCountry "AUT"]
[SourceTitle "CBM 195 Extra"]
[Source "ChessBase"]
[SourceDate "2020.05.31"]
[SourceVersion "1"]
[SourceVersionDate "2020.05.31"]
[SourceQuality "1"]

1. d4 e6 2. c4 b6 3. e4 Bb7 4. Bd3 Bb4+ 5. Bd2 Bxd2+ 6. Nxd2 f5 7. Ngf3 fxe4 8. Bxe4 Bxe4 9. Nxe4 Nf6 10. Qd3 0-0 11. 0-0 Nc6 12. a3 d5 13. Neg5 dxc4 14. Qxc4 Qd5 15. Qxd5 exd5 16. Rac1 Na5 17. Rxc7 h6 18. Ne6 Rf7 19. Rfc1 Nc4 20. b3 Nxa3 21. Ne5 Rxc7 22. Rxc7 Ne8 23. Re7 Rc8 24. h4 Nb5 25. h5 Nbd6 26. Rxa7 Rc1+ 27. Kh2 Rc2 28. Ng4 Rb2 29. Nf4 Rxb3 30. Nxd5 Rd3 31. Nxb6 Rxd4 32. Ne3 Rh4+ 33. Kg3 Rxh5 1/2-1/2

[Event "AUT-ch Zwisch Internet"]
[Site "Playchess.com INT"]
[Date "2020.05.02"]
[Round "13"]
[White "Belke, Frank"]
[Black "Steindl, Johannes"]
[Result "0-1"]
[WhiteElo "2273"]
[BlackElo "2315"]
[PlyCount "106"]
[EventDate "2020.05.02"]
[EventType "swiss (blitz)"]
[EventRounds "13"]
[EventCountry "AUT"]
[SourceTitle "CBM 195 Extra"]
[Source "ChessBase"]
[SourceDate "2020.05.31"]
[SourceVersion "1"]
[SourceVersionDate "2020.05.31"]
[SourceQuality "1"]

1. d4 Nf6 2. c4 c5 3. Nf3 cxd4 4. Nxd4 e5 5. Nb5 d6 6. g3 Be7 7. Bg2 0-0 8. 0-0 a6 9. N5a3 Nbd7 10. Nc3 Rb8 11. b3 Qa5 12. Bb2 d5 13. Nc2 d4 14. Nd5 Nxd5 15. Bxd5 b5 16. e3 Nb6 17. exd4 bxc4 18. Bg2 Be6 19. dxe5 Rfd8 20. Qe1 Qxe1 21. Rfxe1 Rd2 22. Rac1 cxb3 23. axb3 Bxb3 24. Be4 Na4 25. Bd4 Bxc2 26. Be3 Bxe4 27. Bxd2 Bd5 28. Rc7 Bf8 29. Be3 Nb2 30. h4 a5 31. Rec1 a4 32. Rc8 Rxc8 33. Rxc8 Nd3 34. Bd4 a3 35. Kf1 a2 36. Ke2 Be6 37. Ra8 Nc1+ 38. Kd1 Nb3 39. Bc3 a1Q+ 40. Bxa1 Nxa1 41. Rxa1 h5 42. Ra8 g6 43. Kd2 Kg7 44. f4 Bc5 45. Rb8 Bf2 46. Rb7 Bxg3 47. Ke3 Bxh4 48. Rb1 Bf5 49. Rh1 Be7 50. Rc1 h4 51. Rh1 Kh6 52. Rc1 h3 53. Rg1 Bc5+ 0-1

[Event "AUT-ch Zwisch Internet"]
[Site "Playchess.com INT"]
[Date "2020.05.02"]
[Round "7"]
[White "Platzgummer, Fabian"]
[Black "Belke, Frank"]
[Result "1-0"]
[WhiteElo "2336"]
[BlackElo "2273"]
[PlyCount "109"]
[EventDate "2020.05.02"]
[EventType "swiss (blitz)"]
[EventRounds "13"]
[EventCountry "AUT"]
[SourceTitle "CBM 195 Extra"]
[Source "ChessBase"]
[SourceDate "2020.05.31"]
[SourceVersion "1"]
[SourceVersionDate "2020.05.31"]
[SourceQuality "1"]

1. Nf3 Nf6 2. c4 g6 3. g3 Bg7 4. Bg2 d5 5. cxd5 Nxd5 6. Nc3 Nxc3 7. dxc3 Qxd1+ 8. Kxd1 0-0 9. Bf4 c6 10. Ne1 e5 11. Be3 Rd8+ 12. Kc2 Bf5+ 13. Nd3 Nd7 14. Rad1 Nb6 15. h3 Nc4 16. g4 Nxe3+ 17. fxe3 Bxd3+ 18. exd3 Rd7 19. Rhf1 Rad8 20. Be4 Bh6 21. Rde1 Bg5 22. c4 Kg7 23. Re2 a5 24. b3 h6 25. Kc3 Rd6 26. a3 R6d7 27. c5 Re7 28. Ra1 Ree8 29. b4 axb4+ 30. axb4 Ra8 31. Rxa8 Rxa8 32. b5 Be7 33. bxc6 bxc6 34. d4 Ra6 35. Kb4 exd4 36. exd4 Bf6 37. d5 cxd5 38. Bxd5 Ra7 39. Kb5 Bd8 40. Re8 Ba5 41. h4 h5 42. gxh5 gxh5 43. Re5 Kg6 44. Rg5+ Kf6 45. Rxh5 Be1 46. c6 Ra5+ 47. Kb6 Ra1 48. c7 Bf2+ 49. Kb7 Rb1+ 50. Kc6 Rc1+ 51. Kd7 Kg6 52. Rg5+ Kh6 53. c8Q Rxc8 54. Kxc8 Bxh4 55. Rf5 1-0

[Event "AUT-ch Zwisch Internet"]
[Site "Playchess.com INT"]
[Date "2020.05.02"]
[Round "5"]
[White "Rieger, Robert"]
[Black "Belke, Frank"]
[Result "0-1"]
[WhiteElo "2307"]
[BlackElo "2273"]
[PlyCount "26"]
[EventDate "2020.05.02"]
[EventType "swiss (blitz)"]
[EventRounds "13"]
[EventCountry "AUT"]
[SourceTitle "CBM 195 Extra"]
[Source "ChessBase"]
[SourceDate "2020.05.31"]
[SourceVersion "1"]
[SourceVersionDate "2020.05.31"]
[SourceQuality "1"]

1. e4 e6 2. d4 d5 3. Nc3 Bb4 4. e5 Qd7 5. Nh3 b6 6. Qg4 f5 7. Qg3 h6 8. Bb5 c6 9. Be2 Ba6 10. Bh5+ Kd8 11. Nf4 g5 12. Ng6 Rh7 13. Nf8 Bxf8 0-1

[Event "AUT-ch Vor4 Internet"]
[Site "Playchess.com INT"]
[Date "2020.04.25"]
[Round "4"]
[White "Belke, Frank"]
[Black "Ragger, Markus"]
[Result "0-1"]
[WhiteElo "2273"]
[BlackElo "2679"]
[PlyCount "98"]
[EventDate "2020.04.25"]
[EventType "swiss (blitz)"]
[EventRounds "9"]
[EventCountry "AUT"]
[SourceTitle "EXT 2021"]
[Source "ChessBase"]
[SourceDate "2020.10.23"]
[SourceVersion "1"]
[SourceVersionDate "2020.10.23"]
[SourceQuality "1"]

1. d4 Nf6 2. c4 g6 3. Nc3 d5 4. Nf3 Bg7 5. Bg5 Ne4 6. cxd5 Nxg5 7. Nxg5 e6 8. Qd2 exd5 9. Qe3+ Kf8 10. Qf4 Bf6 11. h4 h6 12. Nf3 Kg7 13. e3 Be6 14. Bd3 Nd7 15. g4 c5 16. 0-0-0 Qb8 17. Qxb8 Raxb8 18. Rdg1 c4 19. Bf5 b5 20. Bxe6 fxe6 21. g5 hxg5 22. Nxg5 Nf8 23. f4 b4 24. Na4 Be7 25. b3 Rc8 26. Kb2 Rc6 27. Rg4 Rh5 28. Rhg1 Rh8 29. Nf3 Bf6 30. Ne5 Bxe5 31. fxe5 c3+ 32. Kc2 Rh5 33. Rf1 Rf5 34. Rxf5 exf5 35. Rg1 Ne6 36. a3 a5 37. axb4 axb4 38. Kd3 Kh6 39. Rg2 Kh5 40. Rh2 Kg4 41. Rc2 Kxh4 42. Nc5 g5 43. Nd7 g4 44. Nf6 g3 45. Nxd5 Kh3 46. Nf6 g2 47. Rxg2 Kxg2 48. d5 c2 49. dxc6 c1Q 0-1